000 01683cam a2200385 i 4500
001 data
005 20260322212116.0
008 data
035 _a21051127
906 _a7
_bcbc
_ccopycat
_d2
_encip
_f20
_gy-gencatlg
925 0 _aacquire
_b1 shelf copy
_xpolicy default
010 _a 2018276767
020 _a9781606600252
_q(hardcover)
020 _a1606600257
035 _a(OCoLC)792881274
040 _aBTCTA
_beng
_cBTCTA
_erda
_dDLC
_dMAC
_dOCLCF
_dYDXCP
_dOCLCQ
_dDLC
042 _alccopycat
050 0 0 _aPZ8.Q42
_bTw 2012
082 0 0 _a[398.2]
_223
100 1 _aQuiller-Couch, Arthur,
_d1863-1944,
_eauthor.
245 1 4 _aThe twelve dancing princesses and other fairy tales /
_cretold by Sir Arthur Quiller-Couch ; illustrated by Kay Nielsen.
264 1 _aMineola, New York :
_bCalla Editions, an imprint of Dover Publications,
_c2012.
300 _axii, 163 pages :
_billustrations (some color) ;
_c29 cm
336 _atext
_btxt
_2rdacontent
337 _aunmediated
_bn
_2rdamedia
338 _avolume
_bnc
_2rdacarrier
500 _a"This Calla edition, first published in 2012, is an unabridged republication of the edition published by Hodder and Stoughton, London, in 1912."
505 0 _aMinon-Minette -- Felicia, or, The pot of pinks -- The twelve dancing princesses -- Rosanie, or, The inconstant prince -- The man who never laughed -- John and the ghosts -- The czarina's violet.
650 0 _aFairy tales.
650 1 _aFairy tales.
650 1 _aFolklore.
650 7 _aFairy tales.
_2fast
_0(OCoLC)fst00919916
700 1 _aNielsen, Kay Rasmus,
_d1886-1957,
_eillustrator.
999 _c1763
_d1763